Each MLB Team's Last MVP - Statistics

General Stats
  • This quiz has been taken 90 times
    44 since last reset
  • The average score is 19 of 30
Answer Stats
Hint Answer % Correct
New York Yankees Aaron Judge
100%
Los Angeles Angels Shohei Ohtani
92%
Los Angeles Dodgers Shohei Ohtani
92%
Philadelphia Phillies Bryce Harper
89%
Washington Nationals Bryce Harper
89%
Houston Astros Jose Altuve
86%
Boston Red Sox Mookie Betts
84%
Detroit Tigers Miguel Cabrera
76%
Atlanta Braves Ronald Acuna, Jr
73%
Milwaukee Brewers Christian Yelich
70%
Chicago Cubs Kris Bryant
70%
St Louis Cardinals Paul Goldschmidt
70%
Miami Marlins Giancarlo Stanton
68%
San Francisco Giants Buster Posey
65%
Baltimore Orioles Cal Ripken
65%
Cincinnati Reds Joey Votto
65%
Pittsburgh Pirates Andrew McCutchen
62%
Minnesota Twins Joe Mauer
62%
Kansas City Royals George Brett
59%
Seattle Mariners Ichiro Suzuki
57%
Texas Rangers Josh Hamilton
57%
Chicago White Sox Jose Abreu
54%
Colorado Rockies Larry Walker
54%
Toronto Blue Jays Josh Donaldson
51%
Oakland Athletics Miguel Tejada
43%
Tampa Bay Rays None
41%
New York Mets None
41%
Arizona Diamondbacks None
41%
San Diego Padres Ken Caminiti
30%
Cleveland Indians Al Rosen
19%
No matching quizzes found
Score Distribution
Percent of People with Each Score
Percentile by Number Answered
Your Score History
You have not taken this quiz since the last reset